Normal view
MARC view
- Parallel processing (Electronic computers)
Entry Topical Term
001 - CONTROL NUMBER
- control field: 99278
003 - CONTROL NUMBER IDENTIFIER
- control field: NUST
005 - DATE AND TIME OF LATEST TRANSACTION
- control field: 20221006123932.0
008 - FIXED-LENGTH DATA ELEMENTS
- fixed length control field: 221006|| aca||aabn | a|a d
040 ## - CATALOGING SOURCE
- Original cataloging agency: NUST
- Transcribing agency: NUST
150 ## - HEADING--TOPICAL TERM
- Topical term or geographic name entry element: Parallel processing (Electronic computers)
- General subdivision: Bibliography
670 ## - SOURCE DATA FOUND
- Source citation: Work cat.: (NUST)180515: Bell, D.H 99276, Parallel programming-a bibliography /, c1983.
